LEADER 00905nam0-22003251i-450- 001 990001783680403321 005 20160223095139.0 035 $a000178368 035 $aFED01000178368 035 $a(Aleph)000178368FED01 035 $a000178368 100 $a20030910d1993----km-y0itay50------ba 101 0 $aita 102 $aIT 105 $aa---a---001yy 200 1 $aFiliera vino$e1993$fOsservatorio ISMEA, Prometeia 210 $aRoma$cISMEA$d1993 215 $a104 p.$d24 cm 225 1 $aRapporti$fISMEA$v1993 610 0 $aMercati agricoli 610 0 $aVini 676 $a380.141$v22$zita 710 02$aISMEA$9$0354033 801 0$aIT$bUNINA$gRICA$2UNIMARC 901 $aBK 912 $a990001783680403321 952 $a60 380.141 B 13/E$b4698$fFAGBC 959 $aFAGBC 996 $aFiliera vino$9394005 997 $aUNINA LEADER 00725nam0-22002531i-450- 001 990001247070403321 035 $a000124707 035 $aFED01000124707 035 $a(Aleph)000124707FED01 035 $a000124707 100 $a20000920d1958----km-y0itay50------ba 101 1$aeng 200 1 $aToeplitz Forms and their Applications$fBY GRENADER - SZEGO 210 $as.l.$cUniversity of California Press$d1958 700 1$aGrenader,$bUlf$0346277 702 1$aSzegö,$bGiorgio P.$f<1934- > 801 0$aIT$bUNINA$gRICA$2UNIMARC 901 $aBK 912 $a990001247070403321 952 $a10-H-9$b3051$fMA1 959 $aMA1 996 $aToeplitz Forms and their Applications$9381643 997 $aUNINA DB $aING01